[Event "La Pobla de Lillet op-B 32nd"]
[Site "La Pobla de Lillet"]
[Date "2023.08.03"]
[Round "2"]
[White "Tevar Asensio, Alfons"]
[Black "Pla Carulla, Joaquim"]
[Result "0-1"]
[WhiteElo "1560"]
[BlackElo "1727"]
[PlyCount "70"]
[EventDate "2023.08.02"]
[EventType "swiss"]
[EventRounds "9"]
[EventCountry "ESP"]
[SourceTitle "EXT 2024"]
[Source "ChessBase"]
[SourceDate "2023.10.10"]
[SourceVersion "1"]
[SourceVersionDate "2023.10.10"]
[SourceQuality "1"]

1. e4 d5 2. exd5 Qxd5 3. Nc3 Qa5 4. d4 c6 5. Bd2 Qc7 6. h3 Bf5 7. Nf3 Nf6 8. Bc4 e6 9. a3 h6 10. Bb3 Nbd7 11. Qe2 0-0-0 12. 0-0-0 Bd6 13. Rhe1 Nd5 14. Ne4 Bf4 15. Kb1 g5 16. g4 Bg6 17. Ka1 Bxd2 18. Nfxd2 Nf4 19. Qf1 Kb8 20. Qh1 Nb6 21. Nc4 Nxc4 22. Bxc4 h5 23. Nxg5 hxg4 24. h4 Bxc2 25. Rd2 Bg6 26. Rg1 Bf5 27. f3 gxf3 28. Nxf3 Be4 29. Be2 Nxe2 30. Rxe2 Bxf3 31. Qxf3 Rxh4 32. Rg7 Rf4 33. Qh3 Qd6 34. Qb3 Qxd4 35. Re1 Qxg7 0-1